Obras escogidas de D. Emilio Castelar. (Registro nro. 65169)

Detalles MARC
000 - Líder
Campo de control de longitud fija 01474nam a22003377a 4500
003 - Identificador de número de control
Campo de control OSt
005 - Fecha y hora de la última transacción
Campo de control 20260630084732.0
008 - Elementos de datos de longitud fija - Información general
Campo de control de longitud fija 260630b ar ||||| |||| 00| | spa d
040 ## - Fuente de catalogación
Agencia de catalogación HCSPBA
041 ## - Código de idioma
Idioma Español
942 ## - Elementos de entrada adicional
Tipo de ítem LIBROS
100 ## - Autor
Nombre personal Castelar, Emilio
245 ## - Título propiamente dicho
Título Obras escogidas de D. Emilio Castelar.
Número de parte/sección de una obra Tomo 8.
Nombre de la parte/sección de una obra Discursos políticos de Emilio Castelar dentro y fuera del parlamento en los años de 1871 a 1873, I
260 ## - Publicación, Distribución, etc.
Lugar de publicación, distribución, etc. Madrid.
Nombre del editor, distribuidor, etc. Angel de San Martín.
Fecha de publicación, distribución, etc. [19--].
300 ## - Descripción física
Extensión v.
505 ## - Nota de contenido formateado
Nota de contenido/Índice Indice
505 ## - Nota de contenido formateado
Nota de contenido/Índice Las elecciones del Ministerio de conciliación
505 ## - Nota de contenido formateado
Nota de contenido/Índice Debates y rectificaciones sobre las elecciones de conciliación
505 ## - Nota de contenido formateado
Nota de contenido/Índice Discurso en respuesta a una alusión personal
505 ## - Nota de contenido formateado
Nota de contenido/Índice Defensa del derecho a discutir la institución monárquica y la dinastía de Saboya
505 ## - Nota de contenido formateado
Nota de contenido/Índice Discurso sobre las elecciones de Villarcayo
505 ## - Nota de contenido formateado
Nota de contenido/Índice Observaciones sobre los refugiados políticos, motivadas por los sucesos de París
505 ## - Nota de contenido formateado
Nota de contenido/Índice Discurso contra el mensaje o contestación a la corona, vulgarmente conocido con el dictado del discurso de la benevolencia
505 ## - Nota de contenido formateado
Nota de contenido/Índice Rectificaciones provocadas por las contestaciones al anterior discurso
505 ## - Nota de contenido formateado
Nota de contenido/Índice Declaraciones sobre los asuntos de ultramar
505 ## - Nota de contenido formateado
Nota de contenido/Índice Discurso sobre la sociedad de trabajadores, llamada la internacional
650 ## - Asunto - Temas
Tema HISTORIA
650 ## - Asunto - Temas
Tema POLITICA CULTURAL
651 ## - Asunto - Nombre geográfico
Nombre geográfico ESPAÑA
690 ## - Término no controlado
Término no controlado IDEOLOGIAS POLITICAS
999 ## -
-- 65169
-- 134638
Existencias
Biblioteca depositaria Tipo de ítem Colección Signatura topográfica Código de barra Préstamo - Restricciones Fecha de adquisición
Biblioteca Legislativa y Pública "Eva Perón" LIBROS Fondo general 1741 T.8 LEG-LIB-032703 Sala de lectura 30.06.2026

Con tecnología Koha